[Event "Aix les Bains op 1st"]
[Site "Aix les Bains"]
[Date "2014.08.10"]
[Round "6"]
[White "Lamb, Harry M"]
[Black "Giacometto, Mario"]
[Result "1/2-1/2"]
[WhiteElo "1987"]
[BlackElo "1953"]
[PlyCount "103"]
[EventDate "2014.08.10"]
[EventType "swiss"]
[EventRounds "7"]
[EventCountry "FRA"]
[SourceTitle "CBM 161 Extra"]
[Source "ChessBase"]
[SourceDate "2014.08.29"]
[SourceVersion "1"]
[SourceVersionDate "2014.08.29"]
[SourceQuality "1"]

1. Nf3 d5 2. g3 Nf6 3. Bg2 e6 4. 0-0 Be7 5. b3 0-0 6. Bb2 Nbd7 7. c4 c6 8. Qc2 b6 9. d4 Bb7 10. Nbd2 Rc8 11. e4 dxe4 12. Nxe4 c5 13. Nxf6+ Nxf6 14. dxc5 Be4 15. Qc3 Rxc5 16. Rad1 Qa8 17. Nh4 Bxg2 18. Nxg2 Rc7 19. Ne3 Rd8 20. Rxd8+ Qxd8 21. Rd1 Rd7 22. Rxd7 Qxd7 23. Qe5 Bd6 24. Qd4 Qc6 25. Ng4 Be7 26. Nxf6+ Bxf6 27. Qf4 Bd8 28. Qd4 Bf6 29. Qf4 Bd8 30. Qg4 f6 31. Qf4 Bc7 32. Qd2 b5 33. cxb5 Qxb5 34. Qc2 Qd7 35. b4 Bb6 36. a3 Qd5 37. Bc1 Qf3 38. Qd2 Kf7 39. Qe1 e5 40. Be3 Bxe3 41. fxe3 Ke6 42. a4 Kd5 43. Qd2+ Kc4 44. b5 Qd5 45. Qa2+ Kc5 46. Qa3+ Kb6 47. Qb4 a5 48. Qc3 Qf3 49. Qd3 Kc5 50. Qc3+ Kb6 51. Qb3 Qe4 52. Qe6+ 1/2-1/2

[Event "Chambery op 14th"]
[Site "Chambery"]
[Date "2008.08.06"]
[Round "5"]
[White "Gelas, Christophe"]
[Black "Lamb, Harry M"]
[Result "0-1"]
[WhiteElo "1872"]
[BlackElo "2127"]
[PlyCount "74"]
[EventDate "2008.08.04"]
[EventType "swiss"]
[EventRounds "9"]
[EventCountry "FRA"]
[SourceTitle "EXT 2009"]
[Source "ChessBase"]
[SourceDate "2008.11.26"]
[SourceVersion "1"]
[SourceVersionDate "2008.11.26"]
[SourceQuality "1"]

1. d4 e6 2. c4 b6 3. Nc3 Bb4 4. e4 Bb7 5. f3 Qh4+ 6. g3 Qh5 7. Bg2 Nh6 8. Nge2 f5 9. Nf4 Qf7 10. 0-0 Bxc3 11. bxc3 Nc6 12. Ba3 0-0-0 13. Qa4 Kb8 14. Rab1 g5 15. Nd3 Qg7 16. c5 fxe4 17. fxe4 Ng4 18. cxb6 axb6 19. Rb2 d5 20. e5 Ne3 21. Rf6 Rhe8 22. Bh3 g4 23. Bf1 Qd7 24. Qb5 Na5 25. Qxd7 Rxd7 26. Nf4 Nxf1 27. Kxf1 Nc4 28. Rb3 Nd2+ 29. Kg2 Nxb3 30. axb3 c5 31. Rxe6 Rxe6 32. Nxe6 Bc8 33. Nxc5 bxc5 34. Bxc5 Rf7 35. c4 Be6 36. Bd6+ Kb7 37. c5 Kc6 0-1

[Event "Yeovil op"]
[Site "Yeovil"]
[Date "2007.06.16"]
[Round "3"]
[White "Lamb, Harry M"]
[Black "Waterfield, John"]
[Result "1-0"]
[WhiteElo "1992"]
[BlackElo "1888"]
[PlyCount "95"]
[EventDate "2007.06.15"]
[EventType "swiss"]
[EventRounds "5"]
[EventCountry "ENG"]
[SourceTitle "CBM 119 Extra"]
[Source "ChessBase"]
[SourceDate "2007.09.04"]
[SourceVersion "1"]
[SourceVersionDate "2007.09.04"]
[SourceQuality "1"]

1. Nf3 g6 2. g3 Bg7 3. d4 d6 4. Bg2 Nc6 5. 0-0 Bg4 6. d5 Bxf3 7. Bxf3 Ne5 8. Bg2 c6 9. c3 Nf6 10. e4 0-0 11. Be3 Nc4 12. Qe2 Nxe3 13. Qxe3 e6 14. dxe6 fxe6 15. Bh3 e5 16. Nd2 Qe7 17. Rad1 b6 18. c4 Kh8 19. Nf3 Rad8 20. Rd3 Nd7 21. b4 Rf6 22. Rfd1 Rdf8 23. Bg2 c5 24. b5 Rd8 25. R1d2 Nf8 26. Bh3 Ne6 27. Bxe6 Qxe6 28. Rd5 Rff8 29. Kg2 Rd7 30. Qd3 Rfd8 31. Qe3 Qe7 32. R2d3 Bf6 33. Qd2 Kg7 34. Qd1 Kf7 35. Qd2 Ke6 36. g4 Kf7 37. Qh6 Kg8 38. g5 Bg7 39. Qh3 Re8 40. Qg3 Rf8 41. Nd2 Rf4 42. f3 Qe6 43. Nf1 Bf8 44. Ne3 Be7 45. Ng4 Rxg4 46. Qxg4 Qxg4+ 47. fxg4 Kf7 48. Rxe5 1-0

[Event "Berlin Lichtenberger op 6th"]
[Site "Berlin"]
[Date "2007.??.??"]
[Round "?"]
[White "Lamb, Harry M"]
[Black "Pueschel, Werner"]
[Result "0-1"]
[WhiteElo "2124"]
[BlackElo "2174"]
[PlyCount "92"]
[EventDate "2007.08.18"]
[EventType "swiss"]
[EventRounds "9"]
[EventCountry "GER"]
[SourceTitle "CBM 120 Extra"]
[Source "ChessBase"]
[SourceDate "2007.11.01"]
[SourceVersion "1"]
[SourceVersionDate "2007.11.01"]
[SourceQuality "1"]

1. Nf3 Nf6 2. g3 g6 3. Bg2 Bg7 4. 0-0 0-0 5. c4 d6 6. d4 c6 7. Nc3 Bg4 8. Qd3 Qc8 9. Bg5 Re8 10. Rad1 Na6 11. Rfe1 h6 12. Bxf6 Bxf6 13. e4 e5 14. dxe5 dxe5 15. Qd6 Bg7 16. Qd2 Bf8 17. Qc1 Qe6 18. Nb1 Rad8 19. a3 Nc5 20. Qc2 Rxd1 21. Rxd1 Qf6 22. Qe2 Ne6 23. Rd3 Nd4 24. Qd1 Bxf3 25. Bxf3 a5 26. Kg2 Bc5 27. Nd2 Ne6 28. Nb3 Bb6 29. Qd2 a4 30. Nc1 Bd4 31. Ne2 Nc5 32. Nxd4 Nxd3 33. Nxc6 Ne1+ 34. Qxe1 Qxc6 35. Qc3 f6 36. h4 Rd8 37. h5 gxh5 38. Qe3 Kg7 39. Kh3 Qxc4 40. Qb6 Qc8+ 41. Kh4 Rd4 42. Bxh5 Rxe4+ 43. g4 Rd4 44. Qb5 Qc6 45. Qe2 Qe4 46. Qb5 Rd3 0-1

[Event "Berlin Lichtenberger op 6th"]
[Site "Berlin"]
[Date "2007.??.??"]
[Round "?"]
[White "Lamb, Harry M"]
[Black "Rozov, Boris"]
[Result "1/2-1/2"]
[WhiteElo "2124"]
[BlackElo "2186"]
[PlyCount "89"]
[EventDate "2007.08.18"]
[EventType "swiss"]
[EventRounds "9"]
[EventCountry "GER"]
[SourceTitle "CBM 120 Extra"]
[Source "ChessBase"]
[SourceDate "2007.11.01"]
[SourceVersion "1"]
[SourceVersionDate "2007.11.01"]
[SourceQuality "1"]

1. Nf3 Nf6 2. g3 d5 3. Bg2 Bf5 4. 0-0 e6 5. d3 Be7 6. Nh4 Bg4 7. h3 Bh5 8. b3 0-0 9. Bb2 c5 10. c4 Nc6 11. Qd2 Qc7 12. Na3 a6 13. Nc2 Rfd8 14. cxd5 Nxd5 15. Nf3 Bf6 16. Bxf6 Nxf6 17. Ne3 Rac8 18. Rac1 Qe7 19. Qb2 Nd5 20. Ng4 Qd6 21. d4 cxd4 22. Nxd4 Bxg4 23. Nxc6 Rxc6 24. hxg4 Rdc8 25. Rxc6 Qxc6 26. Rd1 h6 27. Qd2 Qc2 28. Bxd5 exd5 29. Qxc2 Rxc2 30. Rxd5 Rxa2 31. Rd8+ Kh7 32. Rd7 b5 33. Rxf7 Rxe2 34. Rb7 Re5 35. Kg2 a5 36. Ra7 b4 37. Kf3 Kg6 38. Kf4 Re2 39. f3 Rb2 40. Ra6+ Kf7 41. Rxa5 Rxb3 42. Ra7+ Kf6 43. Ra6+ Kf7 44. Ra7+ Kf6 45. Ra6+ 1/2-1/2

[Event "Dorset op"]
[Site "Weymouth"]
[Date "2006.10.07"]
[Round "3"]
[White "House, Keith C"]
[Black "Lamb, Harry M"]
[Result "0-1"]
[WhiteElo "1944"]
[BlackElo "2134"]
[PlyCount "66"]
[EventDate "2006.10.06"]
[EventType "swiss"]
[EventRounds "5"]
[EventCountry "ENG"]
[SourceTitle "EXT 2008"]
[Source "ChessBase"]
[SourceDate "2007.11.25"]
[SourceVersion "1"]
[SourceVersionDate "2007.11.25"]
[SourceQuality "1"]

1. g4 d5 2. Bg2 c6 3. h3 e5 4. d3 Bd6 5. Nc3 Be6 6. e4 d4 7. Nce2 Nd7 8. Ng3 Qb6 9. N1e2 g6 10. 0-0 h5 11. gxh5 gxh5 12. f4 exf4 13. Nxf4 h4 14. Ngh5 0-0-0 15. a4 Qa5 16. Bd2 Qe5 17. Qf3 Ne7 18. c4 Rdg8 19. Nxe6 Qxe6 20. Nf4 Qe5 21. Ne2 Rxg2+ 22. Qxg2 Rg8 23. Qxg8+ Nxg8 24. Bf4 Qe7 25. Rf3 Ne5 26. Bxe5 Bxe5 27. Raf1 f6 28. Nf4 Qf7 29. b4 Ne7 30. Kf2 f5 31. Ne2 Qe6 32. Ke1 fxe4 33. dxe4 Qxc4 0-1

[Event "Berlin Lichtenberger op 5th"]
[Site "Berlin"]
[Date "2006.08.27"]
[Round "9"]
[White "Feldmann, Guido"]
[Black "Lamb, Harry M"]
[Result "1/2-1/2"]
[WhiteElo "2056"]
[BlackElo "2139"]
[PlyCount "83"]
[EventDate "2006.08.19"]
[EventType "swiss"]
[EventRounds "9"]
[EventCountry "GER"]
[SourceTitle "CBM 113 Extra"]
[Source "ChessBase"]
[SourceDate "2006.09.14"]
[SourceVersion "1"]
[SourceVersionDate "2006.09.14"]
[SourceQuality "1"]

1. e4 e6 2. d4 d5 3. Nc3 Bb4 4. e5 c5 5. a3 Bxc3+ 6. bxc3 Ne7 7. Qg4 Kf8 8. h4 Qa5 9. Bd2 Qa4 10. Rh3 Nbc6 11. Qf4 Ng6 12. Qg3 cxd4 13. f4 dxc3 14. Qxc3 Qd4 15. Qxd4 Nxd4 16. 0-0-0 Nc6 17. h5 Nge7 18. h6 Bd7 19. Nf3 gxh6 20. Bd3 Nf5 21. g4 Nfd4 22. Nxd4 Nxd4 23. Rxh6 Rc8 24. Bb4+ Ke8 25. Rdh1 a5 26. Bd6 Nb5 27. Bxb5 Bxb5 28. Rxh7 Rxh7 29. Rxh7 Be2 30. Rh8+ Kd7 31. Rxc8 Kxc8 32. g5 Kd7 33. Kd2 Bc4 34. Kc3 Kc6 35. Bf8 Kb5 36. Be7 Be2 37. Bd6 Bf3 38. Be7 Be4 39. Bd6 Ka4 40. Bc5 Bg6 41. Bd6 b5 42. Be7 1/2-1/2

[Event "Graz op"]
[Site "Graz"]
[Date "2005.09.08"]
[Round "6"]
[White "Schriebl, Alexander"]
[Black "Lamb, Harry M"]
[Result "1-0"]
[WhiteElo "2085"]
[BlackElo "2179"]
[PlyCount "95"]
[EventDate "2005.09.03"]
[EventType "swiss"]
[EventRounds "9"]
[EventCountry "AUT"]
[SourceTitle "EXT 2007"]
[Source "ChessBase"]
[SourceDate "2006.11.23"]
[SourceVersion "1"]
[SourceVersionDate "2006.11.23"]
[SourceQuality "1"]

1. d4 e6 2. g3 f5 3. Bg2 d5 4. Nf3 Nf6 5. 0-0 Nbd7 6. c4 c6 7. Ng5 Qe7 8. Nc3 h6 9. Nf3 g5 10. Qc2 Qh7 11. b3 Be7 12. a4 a5 13. Ba3 Bxa3 14. Rxa3 g4 15. Nh4 0-0 16. cxd5 Nxd5 17. Raa1 Nb4 18. Qd2 Nf6 19. e4 Bd7 20. Rae1 Rae8 21. Re2 Nh5 22. exf5 exf5 23. Rfe1 Nf6 24. Rxe8 Rxe8 25. Rxe8+ Bxe8 26. Qf4 Bd7 27. Qb8+ Be8 28. Qe5 Kf7 29. Nxf5 Bd7 30. Nd6+ Kg6 31. Nxb7 Nd3 32. Be4+ Nxe4 33. Qxe4+ Bf5 34. Qxc6+ Kg5 35. Nc5 Nxc5 36. Qxc5 Qb7 37. Nd5 Qd7 38. Ne3 Kg6 39. Qxf5+ Qxf5 40. Nxf5 Kxf5 41. Kg2 Ke4 42. d5 Kxd5 43. f4 gxf3+ 44. Kxf3 Kd4 45. g4 Kc3 46. h4 Kxb3 47. g5 hxg5 48. hxg5 1-0

[Event "Graz op"]
[Site "Graz"]
[Date "2005.09.06"]
[Round "4"]
[White "Lamb, Harry M"]
[Black "Eckhoff, Karlheinz"]
[Result "1-0"]
[WhiteElo "2179"]
[BlackElo "2019"]
[PlyCount "119"]
[EventDate "2005.09.03"]
[EventType "swiss"]
[EventRounds "9"]
[EventCountry "AUT"]
[SourceTitle "EXT 2007"]
[Source "ChessBase"]
[SourceDate "2006.11.23"]
[SourceVersion "1"]
[SourceVersionDate "2006.11.23"]
[SourceQuality "1"]

1. Nf3 d5 2. g3 Nf6 3. Bg2 e6 4. 0-0 Be7 5. c4 c6 6. b3 0-0 7. Bb2 Nbd7 8. Qc2 Rb8 9. d3 b5 10. Nd4 Qb6 11. cxb5 c5 12. Nc6 Re8 13. Nxb8 Qxb8 14. a4 a6 15. bxa6 Bxa6 16. Nd2 e5 17. Rfc1 Bd6 18. Ba3 e4 19. dxe4 h5 20. e3 h4 21. Nf1 Bxf1 22. Rxf1 hxg3 23. fxg3 Ng4 24. Qe2 Nxh2 25. Rf4 Qxb3 26. Kxh2 Be5 27. Ra2 d4 28. Rf2 d3 29. Qf3 Qe6 30. Bh3 Qe7 31. Rad2 Nf6 32. Rxd3 Qc7 33. Kg2 c4 34. Rd1 c3 35. Rc1 Qc4 36. Bb2 Qb3 37. Ba1 Qxa4 38. Rfc2 Nxe4 39. Bxc3 Bxc3 40. Rxc3 Nxc3 41. Rxc3 Qa2+ 42. Qf2 Qd5+ 43. Kh2 Qd1 44. Rc8 Rxc8 45. Bxc8 Qh5+ 46. Bh3 g6 47. Qf1 Qe5 48. Qf4 Qb2+ 49. Bg2 Qh8+ 50. Kg1 Qa1+ 51. Bf1 Kg7 52. Qd4+ Qxd4 53. exd4 Kf6 54. Kf2 Ke7 55. Ke3 f6 56. Bd3 f5 57. d5 Kd6 58. Kd4 Ke7 59. Ke5 Kf7 60. d6 1-0

[Event "Graz op"]
[Site "Graz"]
[Date "2005.09.04"]
[Round "2"]
[White "Lamb, Harry M"]
[Black "Neubauer, Anton"]
[Result "0-1"]
[WhiteElo "2179"]
[BlackElo "2044"]
[PlyCount "72"]
[EventDate "2005.09.03"]
[EventType "swiss"]
[EventRounds "9"]
[EventCountry "AUT"]
[SourceTitle "EXT 2007"]
[Source "ChessBase"]
[SourceDate "2006.11.23"]
[SourceVersion "1"]
[SourceVersionDate "2006.11.23"]
[SourceQuality "1"]

1. Nf3 Nf6 2. g3 d5 3. Bg2 Bg4 4. 0-0 Nbd7 5. d3 c6 6. h3 Bh5 7. g4 Bg6 8. b3 e5 9. Bb2 Qc7 10. c4 Bc5 11. cxd5 Nxd5 12. Qd2 Nf4 13. Nxe5 Nxg2 14. Nxd7 Kxd7 15. Kxg2 f6 16. Nc3 Rad8 17. Na4 Bd6 18. Bd4 c5 19. Rac1 b6 20. f3 Qb7 21. Bf2 Rhe8 22. Rfd1 Ke7 23. d4 cxd4 24. Qxd4 Kf8 25. e4 Qe7 26. Qe3 Qe5 27. Rh1 Rc8 28. Qd4 Qf4 29. Qe3 Qe5 30. Qd4 Qf4 31. Rcd1 Be5 32. Qe3 Rc2 33. Qxf4 Bxf4 34. Rhe1 Rec8 35. Kf1 Be8 36. Re2 Bb5 0-1

[Event "Leipzig VfB op 12th"]
[Site "Leipzig"]
[Date "2005.03.05"]
[Round "8"]
[White "Vuckovic, Aleksandar"]
[Black "Lamb, Harry M"]
[Result "1-0"]
[WhiteElo "2325"]
[BlackElo "2170"]
[PlyCount "57"]
[EventDate "2005.01.03"]
[EventType "swiss"]
[EventRounds "9"]
[EventCountry "GER"]
[SourceTitle "EXT 2008"]
[Source "ChessBase"]
[SourceDate "2007.11.25"]
[SourceVersion "1"]
[SourceVersionDate "2007.11.25"]
[SourceQuality "1"]

1. e4 e6 2. d4 d5 3. Nd2 Nf6 4. e5 Nfd7 5. Bd3 c5 6. c3 Nc6 7. Ne2 cxd4 8. cxd4 f6 9. exf6 Qxf6 10. Nf3 h6 11. 0-0 Bd6 12. Nc3 0-0 13. Be3 Rf7 14. Rc1 Nf8 15. Bb1 Bd7 16. h3 Be8 17. Nh2 Qh4 18. Qd2 Rd7 19. f4 Ne7 20. Nf3 Qf6 21. Nb5 Nf5 22. Ne5 Re7 23. Nxd6 Nxd6 24. g4 Nc4 25. Rxc4 dxc4 26. g5 hxg5 27. fxg5 Qxf1+ 28. Kxf1 b5 29. d5 1-0

[Event "Recklinghausen op 13th"]
[Site "Recklinghausen"]
[Date "2002.08.20"]
[Round "4"]
[White "Matrisch, Gerd"]
[Black "Lamb, Harry M"]
[Result "1/2-1/2"]
[WhiteElo "2081"]
[BlackElo "2170"]
[PlyCount "74"]
[EventDate "2002.08.19"]
[EventType "swiss"]
[EventRounds "9"]
[EventCountry "GER"]
[SourceTitle "CBM 089 Extra"]
[Source "ChessBase"]
[SourceDate "2002.09.10"]
[SourceVersion "2"]
[SourceVersionDate "2002.09.10"]
[SourceQuality "1"]

1. e4 e6 2. d4 d5 3. exd5 exd5 4. Bd3 Bd6 5. Ne2 Ne7 6. 0-0 Nbc6 7. c3 Bg4 8. Qc2 Qd7 9. b4 Bf5 10. Re1 0-0 11. Bf4 Bxd3 12. Qxd3 Bxf4 13. Nxf4 Ng6 14. Nxg6 hxg6 15. Nd2 Rfe8 16. Nf3 Rxe1+ 17. Rxe1 Re8 18. Rxe8+ Qxe8 19. h3 Ne7 20. Qe3 Kf8 21. Ng5 Qd7 22. g4 Nc8 23. Nf3 f6 24. Nh4 Kf7 25. Qd3 Ne7 26. f4 Qe6 27. Kf2 Qe4 28. Qe3 f5 29. Nf3 Qxe3+ 30. Kxe3 Kf6 31. g5+ Ke6 32. Ne5 b5 33. h4 Kd6 34. Kd3 Ke6 35. Kc2 Kd6 36. Kb3 Ke6 37. a4 c6 1/2-1/2

[Event "Fourmies op 25th"]
[Site "Fourmies"]
[Date "2001.06.02"]
[Round "1"]
[White "Lamb, Harry M"]
[Black "Miezis, Normunds"]
[Result "0-1"]
[WhiteElo "2161"]
[BlackElo "2596"]
[PlyCount "92"]
[EventDate "2001.06.02"]
[EventType "swiss"]
[EventRounds "7"]
[EventCountry "FRA"]
[SourceTitle "EXT 2002"]
[Source "ChessBase"]
[SourceDate "2001.11.25"]
[SourceVersion "1"]
[SourceVersionDate "2001.11.25"]
[SourceQuality "1"]

1. Nf3 c5 2. g3 Nc6 3. Bg2 e5 4. e4 g6 5. d3 Bg7 6. 0-0 Nge7 7. c3 0-0 8. Nh4 d5 9. f4 exf4 10. Bxf4 h6 11. Be3 d4 12. Bf2 Ne5 13. cxd4 cxd4 14. Na3 N7c6 15. Qd2 Qg5 16. Qxg5 hxg5 17. Nf3 Nxd3 18. Rfd1 Nxf2 19. Kxf2 g4 20. Ne1 f5 21. Kg1 Bh6 22. Nac2 Re8 23. Kh1 Bg7 24. exf5 Bxf5 25. Nd3 Rad8 26. Nce1 Re7 27. a3 Bh6 28. b4 Rd6 29. Kg1 Kg7 30. Kf1 Re3 31. b5 Na5 32. Rac1 Re7 33. Rc5 Nb3 34. Rc2 Rf6 35. Kg1 Be3+ 36. Kh1 Be4 37. h4 Rf1+ 38. Kh2 Bxd3 39. Rxd3 Bg1+ 40. Kh1 Rfxe1 41. Rxb3 Rd1 42. b6 axb6 43. Rc4 Re2 44. Rxb6 Be3+ 45. Kh2 Rg1 46. Rxb7+ Kh6 0-1

[Event "Leipzig VfB op 08th"]
[Site "Leipzig"]
[Date "2001.02.23"]
[Round "6"]
[White "Roemling, Sven"]
[Black "Lamb, Harry M"]
[Result "0-1"]
[WhiteElo "2199"]
[BlackElo "2166"]
[PlyCount "104"]
[EventDate "2001.02.20"]
[EventType "swiss"]
[EventRounds "9"]
[EventCountry "GER"]
[SourceTitle "EXT 2008"]
[Source "ChessBase"]
[SourceDate "2007.11.25"]
[SourceVersion "1"]
[SourceVersionDate "2007.11.25"]
[SourceQuality "1"]

1. d4 e6 2. Nf3 b6 3. e4 d5 4. exd5 Qxd5 5. Nc3 Bb4 6. Bd2 Bxc3 7. Bxc3 Nf6 8. Bb4 Qe4+ 9. Qe2 Bb7 10. 0-0-0 Qxe2 11. Bxe2 Nd5 12. Ba3 Nf4 13. Bb5+ c6 14. Bf1 Nd7 15. Nd2 c5 16. dxc5 Nxc5 17. Bb5+ Ke7 18. Nb3 Kf6 19. Nxc5 bxc5 20. Bxc5 a6 21. Bf1 Bxg2 22. Bxg2 Nxg2 23. Rd4 g5 24. b3 Rhd8 25. Rhd1 Rxd4 26. Rxd4 Nh4 27. c4 Nf3 28. Rd3 Nxh2 29. Rh3 Ng4 30. Rxh7 Rc8 31. Bd4+ e5 32. Bb6 Rc6 33. c5 Kg6 34. Rh8 Nxf2 35. Rd8 Ne4 36. b4 g4 37. Kc2 g3 38. Kd3 Kf5 39. Rg8 Kf4 40. a4 f5 41. b5 axb5 42. axb5 Nxc5+ 43. Kc4 Rxb6 44. Kxc5 Rxb5+ 45. Kxb5 Kf3 46. Kc4 g2 47. Kd5 e4 48. Kd4 f4 49. Rg7 e3 50. Kd3 Kf2 51. Rg4 f3 52. Ke4 e2 0-1

[Event "Leipzig VfB op 08th"]
[Site "Leipzig"]
[Date "2001.02.21"]
[Round "3"]
[White "Lamb, Harry M"]
[Black "Herfurth, Thomas"]
[Result "1-0"]
[WhiteElo "2166"]
[BlackElo "1729"]
[PlyCount "59"]
[EventDate "2001.02.20"]
[EventType "swiss"]
[EventRounds "9"]
[EventCountry "GER"]
[SourceTitle "EXT 2008"]
[Source "ChessBase"]
[SourceDate "2007.11.25"]
[SourceVersion "1"]
[SourceVersionDate "2007.11.25"]
[SourceQuality "1"]

1. e4 e6 2. d3 d5 3. Nd2 c5 4. g3 Nc6 5. Bg2 d4 6. f4 g6 7. e5 f5 8. a4 Nge7 9. Nc4 Nd5 10. Bd2 b6 11. Nf3 h6 12. Qe2 Bb7 13. 0-0 Be7 14. Rae1 a6 15. Nd6+ Bxd6 16. exd6 Qxd6 17. Qxe6+ Qxe6 18. Rxe6+ Kf7 19. Rxc6 Bxc6 20. Ne5+ Kf6 21. Nxc6 Nc7 22. Ne5 Rad8 23. a5 b5 24. Bb7 Rd6 25. b4 Ne6 26. c4 Rh7 27. Bf3 Rc7 28. bxc5 Nxc5 29. cxb5 axb5 30. Rb1 1-0

[Event "Vikings Masters 2nd"]
[Site "York"]
[Date "2000.12.16"]
[Round "4"]
[White "Lamb, Harry M"]
[Black "Krutti, Valer"]
[Result "1/2-1/2"]
[WhiteElo "2166"]
[BlackElo "2397"]
[PlyCount "151"]
[EventDate "2000.12.13"]
[EventType "tourn"]
[EventRounds "9"]
[EventCountry "ENG"]
[EventCategory "2"]
[SourceTitle "CBM 079 Extra"]
[Source "ChessBase"]
[SourceDate "2001.01.11"]
[SourceVersion "2"]
[SourceVersionDate "2001.01.25"]
[SourceQuality "1"]

1. Nf3 c5 2. g3 Nc6 3. d4 cxd4 4. Nxd4 g6 5. Bg2 Bg7 6. Nb3 Nf6 7. c4 d6 8. Nc3 0-0 9. Be3 Ng4 10. Qc1 Nce5 11. Nd1 Qc7 12. c5 Nxe3 13. Nxe3 e6 14. cxd6 Qxd6 15. 0-0 Qb6 16. Rd1 Rb8 17. Qc5 Qxc5 18. Nxc5 b6 19. Ne4 Ba6 20. Rd2 Rfc8 21. Rad1 b5 22. b4 Nc4 23. Rd7 Bb7 24. Ng5 Bxg2 25. Kxg2 Ne5 26. Rxa7 Ra8 27. Rxa8 Rxa8 28. f4 Nc4 29. Kf2 h6 30. Ne4 Rxa2 31. Rd8+ Kh7 32. Nd6 Bf6 33. Rd7 Nxd6 34. Rxd6 Rb2 35. Ng4 Bc3 36. Rd7 Kg7 37. Rc7 Bd4+ 38. Kf3 h5 39. Ne5 Bxe5 40. fxe5 Rxb4 41. Rb7 g5 42. h4 gxh4 43. gxh4 Rb1 44. Kf4 Kg6 45. Rb8 b4 46. Rg8+ Kh7 47. Rb8 Kh6 48. Rh8+ Kg7 49. Rb8 Rg1 50. e4 Rg4+ 51. Kf3 Rxh4 52. Rxb4 Rg4 53. Rb7 Rg1 54. Rb2 Rg6 55. Kf4 Kh6 56. Rb8 Rg4+ 57. Kf3 Kg5 58. Rf8 Rf4+ 59. Ke3 Rh4 60. Rxf7 Rh3+ 61. Kf2 Kg4 62. Rf6 Rh2+ 63. Kg1 Re2 64. Rxe6 Kh3 65. Rf6 Rxe4 66. Rf3+ Kg4 67. Rf2 Re1+ 68. Kh2 Rxe5 69. Rg2+ Kh4 70. Ra2 Re4 71. Rb2 Kg4 72. Rg2+ Kf3 73. Rg3+ Kf4 74. Rg2 Re3 75. Ra2 Rf3 76. Ra4+ 1/2-1/2

[Event "Vikings Masters 2nd"]
[Site "York"]
[Date "2000.12.13"]
[Round "1"]
[White "Lamb, Harry M"]
[Black "Marusenko, Petr"]
[Result "0-1"]
[WhiteElo "2166"]
[BlackElo "2327"]
[PlyCount "86"]
[EventDate "2000.12.13"]
[EventType "tourn"]
[EventRounds "9"]
[EventCountry "ENG"]
[EventCategory "2"]
[SourceTitle "CBM 079 Extra"]
[Source "ChessBase"]
[SourceDate "2001.01.11"]
[SourceVersion "2"]
[SourceVersionDate "2001.01.25"]
[SourceQuality "1"]

1. e4 c6 2. Nf3 d5 3. Nc3 Bg4 4. h3 Bh5 5. exd5 cxd5 6. Bb5+ Nc6 7. g4 Bg6 8. Ne5 Rc8 9. d4 e6 10. h4 f6 11. Nxg6 hxg6 12. Qd3 Kf7 13. Bf4 Bb4 14. a3 Bxc3+ 15. bxc3 Na5 16. h5 gxh5 17. Rxh5 Ne7 18. Rxh8 Qxh8 19. 0-0-0 Ng6 20. Bd2 Qf8 21. c4 Nxc4 22. Bd7 Nxd2 23. Bxc8 Ne4 24. f3 Nf4 25. Qb3 Qxc8 26. fxe4 dxe4 27. Qe3 Nd5 28. Qh3 e3 29. Qh5+ Ke7 30. g5 Qc3 31. gxf6+ gxf6 32. Kb1 Qxa3 33. Rd3 Nc3+ 34. Rxc3 Qxc3 35. Qh7+ Kd6 36. Qh2+ e5 37. Qh4 Qb4+ 38. Ka2 Qxd4 39. Qxf6+ Kc5 40. Qf8+ Qd6 41. Qc8+ Kb6 42. Qc3 Qd5+ 43. Kb1 Qc5 0-1

[Event "Martinez op-A"]
[Site "Cannes"]
[Date "2000.08.05"]
[Round "8"]
[White "Trillaud, Frederic"]
[Black "Lamb, Harry M"]
[Result "0-1"]
[WhiteElo "2027"]
[BlackElo "2166"]
[PlyCount "118"]
[EventDate "2000.07.29"]
[EventType "swiss"]
[EventRounds "9"]
[EventCountry "FRA"]
[SourceTitle "EXT 2001"]
[Source "ChessBase"]
[SourceDate "2000.11.22"]
[SourceVersion "1"]
[SourceVersionDate "2000.11.22"]
[SourceQuality "1"]

1. e4 e6 2. Nf3 b6 3. d4 Bb7 4. Bd3 Nf6 5. Qe2 d5 6. exd5 Qxd5 7. c4 Qh5 8. d5 Bb4+ 9. Bd2 Bxd2+ 10. Nbxd2 0-0 11. dxe6 Re8 12. 0-0 Rxe6 13. Qd1 Nc6 14. Re1 Rd6 15. Ne4 Nxe4 16. Rxe4 Rad8 17. Qe1 f5 18. Rh4 Qg6 19. Bf1 Qf6 20. c5 bxc5 21. Rc4 Ne7 22. Rxc5 Bxf3 23. gxf3 Nd5 24. Bc4 c6 25. Qc3 Qg5+ 26. Kf1 Kh8 27. Bxd5 cxd5 28. Qe5 h6 29. Rc7 Rg6 30. Rd1 Rdd6 31. Re7 Rc6 32. Re8+ Kh7 33. Qg3 Rc2 34. Re2 Rxe2 35. Qxg5 hxg5 36. Kxe2 Re6+ 37. Kd3 Kg6 38. Kd4 Kf6 39. b4 Ra6 40. Rd2 Ke6 41. Kc5 Ke5 42. Rxd5+ Kf4 43. Rd2 Kxf3 44. b5 Ra4 45. Rd5 g6 46. Rd2 Rh4 47. Rd4 Rxh2 48. a4 Rxf2 49. a5 g4 50. b6 axb6+ 51. axb6 Rb2 52. Rb4 Rxb4 53. Kxb4 g3 54. b7 g2 55. b8Q g1Q 56. Qb7+ Kg4 57. Qg7 Qe1+ 58. Kc4 Qe6+ 59. Kd3 f4 0-1

[Event "Martinez op-A"]
[Site "Cannes"]
[Date "2000.08.03"]
[Round "6"]
[White "Henneteau, Jeremie"]
[Black "Lamb, Harry M"]
[Result "0-1"]
[WhiteElo "2049"]
[BlackElo "2166"]
[PlyCount "106"]
[EventDate "2000.07.29"]
[EventType "swiss"]
[EventRounds "9"]
[EventCountry "FRA"]
[SourceTitle "EXT 2001"]
[Source "ChessBase"]
[SourceDate "2000.11.22"]
[SourceVersion "1"]
[SourceVersionDate "2000.11.22"]
[SourceQuality "1"]

1. d4 e6 2. c4 b6 3. Nf3 f5 4. g3 Bb7 5. Bg2 Nf6 6. 0-0 Nc6 7. Nc3 Bb4 8. Qc2 0-0 9. a3 Bxc3 10. Qxc3 Ne4 11. Qc2 Qf6 12. e3 g5 13. b4 g4 14. Nh4 Ne7 15. Bb2 d5 16. cxd5 Bxd5 17. Rfc1 c6 18. a4 Ng6 19. Nxg6 hxg6 20. b5 Rac8 21. a5 Rf7 22. axb6 axb6 23. bxc6 Qd8 24. Qe2 Ng5 25. Qf1 Rh7 26. c7 Qd7 27. e4 Bxe4 28. Bxe4 fxe4 29. Qa6 Nf3+ 30. Kf1 Rxh2 31. Qxb6 e3 32. Ke2 exf2 33. Rf1 Qd5 34. Kd3 Ne5+ 35. Kc2 Qe4+ 36. Kb3 Qd5+ 37. Kc2 Qc6+ 38. Qxc6 Nxc6 39. Kd2 Rxc7 40. Ra8+ Kf7 41. Ke3 Nb4 42. Rb8 Nd5+ 43. Kd2 g5 44. Ba3 Nf6 45. Kd3 Ra7 46. Bd6 Ra2 47. Rb7+ Kg6 48. Rbb1 Rh8 49. Ra1 Rha8 50. Rab1 Kf5 51. Rbe1 Nd5 52. Re5+ Kf6 53. Rh1 Ra1 0-1